000 002830000a22001330004500
003 MACL
040 _aMACL
090 _c38913
_d38911
100 _aHunt, John
245 _aPantheism and Christianity
260 _bWm Isbister
_c1884
650 _aPhilosophy
942 _cBOOK
_k147/HUN
999 _c38493
_d38493